000 nam a22 7a 4500
999 _c9312
_d9312
008 180125b ||||| |||| 00| 0 eng d
100 _aNCERT
_95567
245 _aHoney Comb-VII
260 _aNew Delhi
_bNCERT
_c2007